000 00312nam a22001457a 4500
008 210526b ||||| |||| 00| 0 eng d
020 _a9781285454313
041 _aeng
080 _28th
_a316
082 _a316
100 _a50
101 _aSOC
245 _aLife Span
_cCarol K. Sigelman
942 _2udc
_cBK
999 _c57651
_d57651